US States that Contain the Letter R - Statistics

General Stats
  • This quiz has been taken 178 times
  • The average score is 20 of 21
Answers on the Map
Answers color-coded by a green-red scale on the quiz's map according to % correct below.
 
Answer Stats
Answer % Correct
Arkansas
98%
Virginia
98%
West Virginia
98%
Arizona
97%
California
97%
Florida
97%
New Jersey
97%
North Carolina
97%
Rhode Island
97%
South Carolina
97%
Colorado
96%
Georgia
96%
Delaware
95%
Vermont
95%
Nebraska
94%
New Hampshire
94%
New York
94%
Oregon
94%
North Dakota
93%
Missouri
92%
Maryland
91%
No matching quizzes found
Score Distribution
Percent of People with Each Score
Percentile by Number Answered
Your Score History
You have not taken this quiz